Petit cours de statistique /

Guardado en:
Autor Principal: Krickeberg, Klaus.
Formato: Libro
Idioma:French
Publicado: Berlin : Springer, c1996.
Etiquetas: Agregar Etiqueta
Sin Etiquetas, Sea el primero en etiquetar este registro!
LEADER 00464nam a22001575a 4500
001 MAT.inmabb003647
008 060201s1996####gw#######b####001#0#fre#d
005 20130315204819.0
245 1 0 |a Petit cours de statistique /  |c Klaus Krickeberg. 
260 |a Berlin :  |b Springer,  |c c1996. 
300 |a vii, 149 p. ;  |c 24 cm. 
504 |a Bibliografía: p. 145. 
020 |a 3540616098 
100 1 |a Krickeberg, Klaus. 
084 |a 62-01  |2 msc2000 
859 |h 62  |i K92  |p A-7491  |b BIB. MATEMATICA